000
00314nam a2200133Ia 4500
005
20251222144856.0
008
251222s9999||||xx |||||||||||||| ||spa||
020
_a
950-808-335-2
082
_a
302.4/F72
100
_a
Follari, Roberto A.
245
0
_a
Teorías débiles:
264
_b
Homo Sapiens
942
_c
LIB
999
_c
21807
_d
21807